Statistics for Jordan Country Quiz

Click here to take the quiz!

General Stats

  • This quiz has been taken 10,004 times
    (9,691 since last reset)
  • The average score is 15 of 20

Answer Stats

ClueAnswer% Correct
Official languageArabic
99%
Bordering countryIsrael
99%
Bordering countrySyria
97%
Bordering countryIraq
94%
Bordering countrySaudi Arabia
94%
Capital cityAmman
91%
Inland sea whose shores are the
world's lowest point on land
Dead Sea
90%
Sea that Jordan borders via the
Gulf of Aqaba
Red Sea
89%
Jordan was a "protectorate" of this
country from 1921–1946
United Kingdom
81%
The country of Jordan is
named for a ...
River
80%
Filmmakers sometimes visit Wadi Rum
because it resembles the surface of ...
Mars
79%
Chickpea dip often served with pitaHummus
79%
Ancient city that is Jordan's most
popular tourist attraction
Petra
77%
Region, starting with L, that
Jordan is a part of
The Levant
67%
CurrencyDinar
59%
Current kingAbdullah II
48%
Former name of the region{Trans}jordan
44%
Former king, 1952–1999Hussein
33%
Official name of Jordan{Hashemite} Kingdom
of Jordan
32%
Current queen consortQueen Rania
26%

Score Distribution

Percentile by Number Answered

Percent of People with Each Score

Your Score History

You have not taken this quiz since the last reset